| 000 | 00391nam a2200145Ia 4500 | ||
|---|---|---|---|
| 005 | 20251222153605.0 | ||
| 008 | 251222s9999||||xx |||||||||||||| ||spa|| | ||
| 020 | _a844880069X | ||
| 082 | _a616.001/I78/V.I | ||
| 100 | _aIsselbacher, Kurt J. | ||
| 245 | 0 | _aHarrrison Principios de Medicina Interna | |
| 250 | _a13a. ed. | ||
| 264 | _bMcGeaw-Hill - Interamericana de EspaƱa | ||
| 942 | _cLIB | ||
| 999 |
_c31374 _d31374 |
||